AACN procedure manual for critical care / (Record no. 4234)
[ view plain ]
| 000 -LEADER | |
|---|---|
| fixed length control field | 00819cam a2200229 a 4500 |
| 020 ## - INTERNATIONAL STANDARD BOOK NUMBER | |
| International Standard Book Number | 0721611060 |
| 082 00 - DEWEY DECIMAL CLASSIFICATION NUMBER | |
| Classification number | 616.028 |
| Author Mark | PRO |
| 100 ## - MAIN ENTRY--PERSONAL NAME | |
| Author Name | Millar, Sally |
| 245 00 - TITLE STATEMENT | |
| Title | AACN procedure manual for critical care / |
| 250 ## - EDITION STATEMENT | |
| Edition statement | 2nd ed. |
| 260 ## - PUBLICATION, DISTRIBUTION, ETC. | |
| Place of publication, distribution, etc. | Philadelphia : |
| Name of publisher, distributor, etc. | W.B. Saunders, |
| Date of publication, distribution, etc. | c1985. |
| 300 ## - PHYSICAL DESCRIPTION | |
| No of Pages | xxii, 627 p. : |
| illustrations | ill. ; |
| Dimensions | 28 cm. |
| 500 ## - GENERAL NOTE | |
| General note | "AACN critical care." |
| 500 ## - GENERAL NOTE | |
| General note | "American Association of Critical-Care Nurses." |
| 504 ## - BIBLIOGRAPHY, ETC. NOTE | |
| Bibliography, Index, etc. note | Includes bibliographical references and index. |
| 650 #0 - SUBJECT ADDED ENTRY--TOPICAL TERM | |
| Subject | Nursing |
| Keywords | Intensive care nursing |
| 906 ## - LOCAL DATA ELEMENT F, LDF (RLIN) | |
| a | 7 |
| b | cbc |
| c | orignew |
| d | 1 |
| e | ocip |
| f | 19 |
| g | y-gencatlg |
| 942 ## - ADDED ENTRY ELEMENTS (KOHA) | |
| Source of classification or shelving scheme | |
| Koha item type | Books |
| Item status | Home library | Current library | Shelving location | Date acquired | Total Checkouts | Full call number | Barcode | Date last seen | Date last checked out | Koha item type |
|---|---|---|---|---|---|---|---|---|---|---|
| Islamabad Medical and Dental College | Islamabad Medical and Dental College | Islamabad Medical and Dental College | 16/03/2018 | 1 | 616.028 PRO | 5723 | 21/01/2026 | 20/01/2026 | Books |
